000
00317nam a22001217a 4500
008
160505b xxu||||| |||| 00| 0 eng d
020
_a
9780323014816
020
_a
032301481X
041
_a
eng
080
_a
611
245
_a
Radiographic anatomypositioning & procedures workbook;
_c
Steven G. Hayes;
942
_2
udc
_c
BK
999
_c
1808
_d
1808